| 000 | 00758cam a22002653a 4500 | ||
|---|---|---|---|
| 001 | 14129 | ||
| 003 | PGUSA | ||
| 005 | 20140828083313.0 | ||
| 008 | 041123s2004||||xxu|||||s|||||000 p eng d | ||
| 040 |
_aPGUSA _beng |
||
| 042 | _adc | ||
| 050 | 4 | _aPR | |
| 100 | 1 |
_aLamb, Charles, _d1775-1834 |
|
| 245 | 1 | 4 |
_aThe Works of Charles Lamb in Four Volumes, Volume 4 _h[electronic resource] / _cCharles Lamb |
| 260 |
_bProject Gutenberg, _c2004 |
||
| 506 | _aPublic domain in the USA. | ||
| 516 | _aElectronic text | ||
| 653 | _aEnglish poetry | ||
| 653 | _aEnglish essays | ||
| 653 | _aShort stories, English | ||
| 700 | 1 |
_aLamb, Mary, _d1764-1847 |
|
| 830 | 0 |
_aProject Gutenberg _v14129 |
|
| 856 | 4 | 0 | _uhttp://www.gutenberg.org/ebooks/14129 |
| 942 | _cEB | ||
| 999 |
_c243384 _d243384 |
||